| 000 | 00777nam a22002057a 4500 | ||
|---|---|---|---|
| 003 | OSt | ||
| 005 | 20260425022510.0 | ||
| 008 | 260425b |||||||| |||| 00| 0 eng d | ||
| 020 | _a978-1-80406-260-9 | ||
| 040 |
_aDWCL-Main lib _cOC |
||
| 082 |
_2Global Edition _aCirc. 624.18341 G197r 2022 |
||
| 100 | _aGanguly, K.K | ||
| 245 |
_aReinforced Concrete Design : _bRepair/Restoration, Strengthening of R.C Structures and Concrete Technology/ _cGanguly, K.K |
||
| 260 |
_aShelton Street, Covent Garden, London, UK : _bED- Tech Press, _cc2022. |
||
| 300 |
_axiv, 490 Pages : _billustrations ; _c 23cm. |
||
| 504 | _aIncludes bibliographic references | ||
| 650 | _a1. Reinforced Concrete | ||
| 700 | _aAnderson, Christine | ||
| 942 |
_2ddc _cBK-CIRC _eGlobal Edition _hCirc. _n0 |
||
| 999 |
_c9889 _d9889 |
||